Kadra AS Romy w Serie A 2015/16 - Statystyki

Ogólne statystyki
  • Ten quiz został rozwiązany 15 razy
  • Średni wynik to 12 z 47
Statystyki odpowiedzi
Numer Narodowość Zawodnik % Poprawnych
11 Egipt Mohamed Salah
93%
25 Polska Wojciech Szczęsny
93%
2 Niemcy Antonio Rüdiger
71%
16 Włochy Daniele de Rossi
71%
27 WKS Gervinho
71%
44 Grecja Kostas Manolas
71%
9 Bośnia Edin Džeko
64%
10 Włochy Francesco Totti
64%
15 Bośnia Miralem Pjanić
64%
19 Kolumbia Victor Ibarbo
64%
6 Holandia Kevin Strootman
57%
20 Mali Seydou Keita
57%
24 Włochy Alessandro Florenzi
50%
7 Paragwaj Juan Manuel Iturbe
50%
32 Argentyna Leandro Paredes
50%
4 Belgia Radja Nainggolan
43%
8 Argentyna Diego Perotti
29%
14 Hiszpania Iago Falque
21%
5 Brazylia Leandro Castan
21%
35 Grecja Vasilios Torosidis
21%
1 Rumunia Bogdan Lobont
14%
55 Włochy Eros de Santis
14%
3 Francja Lucas Digne
14%
13 Brazylia Maicon
14%
22 Serbia Adem Ljajić
7%
33 Włochy Emerson
7%
59 Rumunia Ionut Pop
7%
26 Włochy Morgan de Sanctis
7%
23 Słowacja Norbert Gyömbér
7%
22 Włochy Stephan El Sharrawy
7%
99 Nigeria Abdullahi Nura
0%
53 Włochy Christian D'Urso
0%
92 Włochy Edoardo Soleri
0%
95 Uganda Elio Capradossi
0%
58 Albania Emanuele Ndoj
0%
87 Bośnia Ervin Zukanovic
0%
18 Argentyna Ezequiel Ponce
0%
57 Gwinea Równikowa José Machin
0%
98 Włochy Lorenzo Crisanto
0%
52 Włochy Lorenzo di Livio
0%
54 Włochy Lorenzo Vasco
0%
93 Włochy Marco Tumminello
0%
91 Włochy Riccardo Marchizza
0%
48 Turcja Salih Uçan
0%
51 Chorwacja Silvio Anocić
0%
97 Nigeria Umar Sadiq
0%
21 Francja William Vainqueur
0%
Nie znaleziono quizów pasujących do podanych kryteriów
Rozkład punktacji
Procent ludzi z każdym wynikiem
Percentyl według liczby udzielonych odpowiedzi
Twoja historia wyników
Nie rozwiązałeś tego quizu